000 00582nam a2200205 4500
003 SEACOMEC
005 20250324130517.0
008 240319b |||||||| |||| 00| 0 eng d
020 _a9788120323827
_cRs.395.00
040 _aSEACOMEC
041 _aEnglish
082 _a006.3
_bR967
100 _aRussell, J. Stuart
245 _aArtificial Intelligence
_b: A Modern Approach.
_c / Stuart J. Russell and Peter Norvig
250 _a2nd edition
260 _aNew Delhi
_bPRENTICE HALL INDIA
_c2006
300 _a1080
_c27cm
650 _aArtificial intelligence
942 _cBOOK
999 _c1683
_d1683